| 000 | 01750nam a2200385 a 4500 | ||
|---|---|---|---|
| 001 | 000022410 | ||
| 003 | DO-SdBNP | ||
| 005 | 20221124094319.0 | ||
| 007 | 000022410 | ||
| 008 | 101008s1993 dr 001 0 spa d | ||
| 040 |
_aBPMSU _bspa _cBPMSU |
||
| 082 | 4 |
_a338.7293 _bV132u 1993 _222 |
|
| 100 | 1 | _aVaitsos, Constantino | |
| 245 | 1 | 0 |
_aUna estrategia integral de desarrollo : _bdocumento preparado para el gobierno de la República Dominicana / _cConstantino Vaitsos; presentación Miguel Bermeo Estrella, Miguel Sang Ben. |
| 260 |
_aSanto Domingo : _bPrograma de las Naciones Unidas para el Desarrollo _c1993 |
||
| 300 |
_a68 p. : _bil ; _c23 cm. |
||
| 505 | 0 | _aSíntesis y coclusiones principales -- Programa de estabilización iii -- Reformas estructurales iv -- Desarrollo humano xvi -- Consideraciones finales xvii -- Una estrategia integral de desarrollo -- El contexto político general y la situación económica 1 -- El programa de estabilización macroeconómica 5 -- Reformas estructurales 8 -- Desarrollo humano 41 | |
| 590 | _6Inventariado, 2022/VM | ||
| 650 | 4 |
_aEvaluación de proyectos sociales _xMetodología. |
|
| 650 | 4 |
_aProyectos sociales _xMetodología. |
|
| 650 | 4 | _aDesarrollo social | |
| 651 | 4 |
_a República Dominicana _xCondiciones económicas |
|
| 651 | 4 |
_aRepública Dominicana _xCondiciones sociales |
|
| 700 | 1 | _aBermeo Estrella, Miguel | |
| 700 | 1 |
_a Mu-Kien, Adriana, _d1955- |
|
| 710 | 2 | _a Programa de las Naciones Unidas para el Desarrollo | |
| 910 | _aVMateo V./Validado | ||
| 942 |
_2ddc _cBK |
||
| 945 | _aInventariado / 2017 VM | ||
| 956 |
_a _b _c _l _h |
||
| 956 |
_a _b _c _l _h |
||
| 956 |
_a _b _c _l _h |
||
| 956 |
_a _b _c _l _h |
||
| 956 |
_aVMATEO _b10 _c20150805 _lBPMSU _h00151 |
||
| 999 |
_c14345 _d14345 |
||